LEADER 02595oam 2200529I 450 001 9910792525203321 005 20230126215013.0 010 $a1-351-90595-3 010 $a1-138-26999-9 010 $a1-315-24507-8 024 7 $a10.4324/9781315245072 035 $a(CKB)3710000001081648 035 $a(MiAaPQ)EBC4816842 035 $a(Au-PeEL)EBL4816842 035 $a(CaPaEBR)ebr11356025 035 $a(OCoLC)975224930 035 $a(OCoLC)974642003 035 $a(EXLCZ)993710000001081648 100 $a20180706e20162004 uy 0 101 0 $aeng 135 $aurcnu|||||||| 181 $2rdacontent 182 $2rdamedia 183 $2rdacarrier 200 00$aReflecting on social work-discipline and profession /$fedited by Robin Lovelock, Karen Lyons, Jackie Powell 210 1$aLondon ;$aNew York :$cRoutledge,$d2016. 215 $a1 online resource (263 pages) 225 1 $aContemporary Social Work Studies 300 $aFirst published 2004 by Ashgate Publishing. 311 $a0-7546-1905-2 311 $a1-351-90596-1 320 $aIncludes bibliographical references and index. 327 $a1. Social work, the public sphere and civil society / Bill Jordan and Nigel Parton -- 2. The McDonaldization of social work : or 'Come back Florence Hollis, all is (or should be) forgiven' / Adrian L. James -- 3. The politics of social work research / Jan Butler and Richard Pugh -- 4. Gender and knowledge in social work / Karen Lyons and Imogen Taylor -- 5. Social work research and the partnership agenda / Steve Trevillion -- 6. Taking sides : social work research as a moral and political activity / Beth Humphries -- 7. Qualitative research and social work : the methodological repertoire in a practice-oriented discipline / Nick Gould -- 8. Research as an element in social work's ongoing search for identity / Walter Lorenz -- 9. 'Knowing how to go on' : towards situated practice and emergent theory in social work / Jeremy Kearney -- 10. Habermas/Foucault for social work : practices of critical reflection / Robin Lovelock and Jackie Powell. 410 0$aContemporary social work studies. 606 $aSocial service$zGreat Britain 615 0$aSocial service 676 $a361.3/0941 701 $aLovelock$b Robin$f1946-$01496086 701 $aLyons$b Karen$f1944-$0965270 701 $aPowell$b Jackie$f1946-$01496087 801 0$bMiAaPQ 801 1$bMiAaPQ 801 2$bMiAaPQ 906 $aBOOK 912 $a9910792525203321 996 $aReflecting on social work-discipline and profession$93720576 997 $aUNINA